| 000 | 00919nam a2200229Ia 4500 | ||
|---|---|---|---|
| 003 | GCL | ||
| 008 | 140319s9999 xx 000 0 ara d | ||
| 020 | _a3078829953 | ||
| 040 |
_aGCL / _cGCL |
||
| 082 | 0 | 4 |
_a327.568042 _bس ع |
| 100 | 1 | _aسهيلا سليمان الشلبى | |
| 245 | 1 | 0 |
_aالعلاقات الاردنية - البريطانية 1951- 1967 / _cسهيلا سليمان الشلبى |
| 250 | _aالاولى | ||
| 260 |
_aبيروت : _bمركز دراسات الوحدة العربية ، _c2006 |
||
| 300 |
_a446 ص ؛ _c24 سم |
||
| 490 |
_aسلسلة اطروحات الدكتوراة _v57 |
||
| 650 | 0 | 4 | _aالاتفاقيات الدولية |
| 650 | 0 | 4 | _aالصراع العربى الاسرائيلى |
| 650 | 0 | 4 | _aالاردن - العلاقات الخارجية - بريطانيا |
| 650 | 0 | 4 | _aالاردن - الاتفاقيات الدولية - بريطانيا |
| 942 |
_2ddc _cBK |
||
| 999 |
_c8910 _d8910 |
||